01253nam a2200133 4500008001700000020001800017082002200035100001900057245009500076260005100171300003000222505078400252650008301036759.972.86 L213c a9789968492058 a759.972.86bL213c aLam Chen, Iris a¿Cómo está el arroz y cómo cocinar en el mercado costarricense de arte pictórico? aSan José, Costa RicabGlobal Metro Artc2017 a176 p.billc21.6 x 28 cm tDedicatoriatAgradecimientotPrólogotPresentacióntIntroduccióntíndicetÍndice de cuadrostÍndice de figurastCapítulo I: Hablemos sobre el arte y el mercadotCapítulo II: Hablemos sobre el mercado del arte tCapítulo III: ¿Cómo está el arroz? Las características del mercado costarricense de obras pictóricastCapítulo IV: ¿Por qué estamos comiendo arroz? Los factores motivacionales de los compradores de obras pictóricastCapítulo V: ¿Cuáles son las recetas favoritas? Estrategias comerciales de los pintores establecidostCapítulo VI: ¿Cómo preparar una receta gustosa? Diseño de una estrategia comercial para los pintores emergentestCapítulo VII: ResumamostCapítulo VIII: Recomendamos para cocinartGlosariotReferencias xarte contemporáneoxarte - pinturaxarte - pintura costarricensexCosta Rica